Luật khiếu nại

Na minha lista:
Detalhes bibliográficos
Formato: Livro
Publicado em: H. [kxđ] 2011
Tags: Adicionar Tag
Sem tags, seja o primeiro a adicionar uma tag!
Thư viện lưu trữ: Trung tâm Học liệu Lê Vũ Hùng, Trường Đại học Đồng Tháp
LEADER 00454pam a22001578a 4500
001 00038735
005 20171026081025.0
008 170516s2011 ||||||Viesd
041 0 # |a Vie 
082 1 4 |a 346.597  |b L504K 
245 1 0 |a Luật khiếu nại 
260 # # |a H.  |b [kxđ]  |c 2011 
300 # # |a 26 tr.  |c 29 cm 
852 # # |b Kho đọc  |j KD.1001432 
910 |d 16/05/2017 
980 # # |a Trung tâm Học liệu Lê Vũ Hùng, Trường Đại học Đồng Tháp